00605cam a22001937a 4500003000500000005001700005008004100022010001000063011001000073035001000083040000900093100003000102245006900132260006700201300001900268490005100287650002200338830005100360CHAP20220329135457.0971013s1981 r 00010 d a37201 a38173 a42293 cCHAP00aOsoria Rodríguez, Luis. 0aGuía para cultivar frijol de temporal en el estado de Tlaxcala aChapingo, Méx. :bINIA. Campo Agrícola Experimental,c1981 a11 p.b: ilus. 0aINIA. México. Folleto para productoresv; 1014aFrijolxTlaxcala.0 aINIA. México. Folleto para productoresv; 10